Informačná bezpečnosť - aktuálne hrozby
Paralelne s novými technológiami a formami komunikácie sa vyvíja aj kybernetická kriminalita. Sociálne siete a blogy predstavujú zvýšenú hrozbu pre vnútornú bezpečnosť spoločností. Stále vážnejším problémom sa stáva útok vedený zvnútra organizácie. Rozposielanie spamov, útoky DDoS, krádeže identity,...
Salvato in:
| Autore principale: | |
|---|---|
| Natura: | Capitolo di libro |
| Lingua: | slovacco |
| Soggetti: | |
| Tags: |
Nessun Tag, puoi essere il primo ad aggiungerne!!
|
MARC
| LEADER | 00000nla$a2200000$$$4500 | ||
|---|---|---|---|
| 001 | 0119676 | ||
| 005 | 20240502072332.4 | ||
| 041 | 0 | |a slo | |
| 044 | |a SK | ||
| 245 | 1 | 0 | |a Informačná bezpečnosť - aktuálne hrozby |c Oľga Škvarčeková |
| 520 | |a Paralelne s novými technológiami a formami komunikácie sa vyvíja aj kybernetická kriminalita. Sociálne siete a blogy predstavujú zvýšenú hrozbu pre vnútornú bezpečnosť spoločností. Stále vážnejším problémom sa stáva útok vedený zvnútra organizácie. Rozposielanie spamov, útoky DDoS, krádeže identity, phishing a iné kriminálne aktivity sa realizujú prostredníctvom malwaru v robotických sieťach s názvom botnet. Hrozbu zo strany botnetov možno odstrániť iba rozsiahlou spoluprácou medzi poskytovateľmi sieťových služieb, špecialistami z oblasti bezpečnosti informačno-komunikačných technológií a orgánmi činnými v trestnom konaní. | ||
| 610 | 2 | 0 | |a siete počítačové |
| 610 | 2 | 0 | |a systémy informačné |
| 610 | 2 | 0 | |a bezpečnosť informačná |
| 610 | 2 | 0 | |a kriminalita |
| 100 | 1 | |a Škvarčeková, Oľga | |